[Event "SVK-chT5 SE-SI 1819"]
[Site "Slovakia"]
[Date "2019.02.23"]
[Round "8.4"]
[White "Bena, Pavol"]
[Black "Kaufman, Roman"]
[Result "0-1"]
[WhiteElo "1000"]
[BlackElo "1000"]
[PlyCount "86"]
[EventDate "2018.10.20"]
[EventType "team-tourn"]
[EventRounds "10"]
[EventCountry "SVK"]
[SourceTitle "EXT 2020"]
[Source "ChessBase"]
[SourceDate "2019.10.17"]
[SourceVersion "1"]
[SourceVersionDate "2019.10.17"]
[SourceQuality "1"]
[WhiteTeam "Stefanov II"]
[BlackTeam "Senica CVC IV"]
[WhiteTeamCountry "SVK"]
[BlackTeamCountry "SVK"]

1. e4 e5 2. Nf3 Nc6 3. Bc4 Nf6 4. Nc3 Bc5 5. d3 0-0 6. 0-0 d6 7. h3 Na5 8. a3 Nxc4 9. dxc4 Be6 10. b3 c6 11. b4 Bb6 12. c5 dxc5 13. Qxd8 Raxd8 14. bxc5 Bxc5 15. Bg5 Rd3 16. Bxf6 gxf6 17. Ne2 Rxa3 18. Rxa3 Bxa3 19. Ra1 Bc5 20. Rd1 b5 21. Ra1 Ra8 22. Ra6 Bd7 23. Ne1 b4 24. Ra5 Bd6 25. Ng3 Bc7 26. Rc5 a5 27. Nh5 Bd8 28. Nd3 Be7 29. Rc4 Be6 30. Rxc6 a4 31. Rc7 a3 32. Nc1 Kf8 33. Ng7 Kxg7 34. Rxe7 Rc8 35. Nd3 Rc4 36. Rb7 Rxc2 37. Nxb4 Rb2 38. g4 a2 39. Kg2 a1Q 40. Nc2 Qa8 41. Kf1 Qxb7 42. Ne3 Qxe4 43. Nd1 Qh1# 0-1

[Event "SVK-chT5 SE-SI 1819"]
[Site "Slovakia"]
[Date "2019.01.26"]
[Round "6.4"]
[White "Ralbovsky, Dominik"]
[Black "Bena, Pavol"]
[Result "1-0"]
[WhiteElo "1121"]
[BlackElo "1000"]
[PlyCount "63"]
[EventDate "2018.10.20"]
[EventType "team-tourn"]
[EventRounds "10"]
[EventCountry "SVK"]
[SourceTitle "CBM 189 Extra"]
[Source "ChessBase"]
[SourceDate "2019.06.03"]
[SourceVersion "1"]
[SourceVersionDate "2019.06.03"]
[SourceQuality "1"]
[WhiteTeam "Gbely Nafta IV"]
[BlackTeam "Stefanov II"]
[WhiteTeamCountry "SVK"]
[BlackTeamCountry "SVK"]

1. e4 e5 2. d4 f6 3. Nf3 Nc6 4. d5 Nd4 5. Nxd4 exd4 6. Qxd4 Be7 7. Bd3 Bd6 8. f4 c5 9. Qc3 Ne7 10. Be3 b6 11. Nd2 Ng6 12. g3 0-0 13. 0-0-0 a5 14. Nc4 Bb8 15. Qb3 Ra6 16. Bxc5 Bc7 17. Bxf8 Nxf8 18. d6 Bxd6 19. Nxd6+ Ne6 20. Bxa6 Bxa6 21. Nb5 Qf8 22. Nc7 Be2 23. Rxd7 Bg4 24. f5 b5 25. Qxe6+ Kh8 26. Qe7 Qxe7 27. Rxe7 h6 28. e5 Bf3 29. exf6 Bxh1 30. f7 Be4 31. f8Q+ Kh7 32. Qxg7# 1-0

[Event "SVK-chT5 SE-SI 1819"]
[Site "Slovakia"]
[Date "2019.01.12"]
[Round "5.3"]
[White "Bena, Pavol"]
[Black "Bazovsky, Max"]
[Result "0-1"]
[WhiteElo "1000"]
[BlackElo "1290"]
[PlyCount "66"]
[EventDate "2018.10.20"]
[EventType "team-tourn"]
[EventRounds "10"]
[EventCountry "SVK"]
[SourceTitle "CBM 189 Extra"]
[Source "ChessBase"]
[SourceDate "2019.06.03"]
[SourceVersion "1"]
[SourceVersionDate "2019.06.03"]
[SourceQuality "1"]
[WhiteTeam "Stefanov II"]
[BlackTeam "Senica CVC IV"]
[WhiteTeamCountry "SVK"]
[BlackTeamCountry "SVK"]

1. e4 c5 2. d3 Nc6 3. Nf3 g6 4. Be2 Bg7 5. Be3 Bxb2 6. Nc3 Bxc3+ 7. Bd2 Bxa1 8. Qxa1 f6 9. 0-0 e5 10. Rb1 Nd4 11. Nxd4 exd4 12. Bf3 Rb8 13. h3 Ne7 14. Bf4 d6 15. Bd2 Nc6 16. Qb2 Ne5 17. Be2 b6 18. Ba5 Rb7 19. Bd2 Be6 20. Qb5+ Qd7 21. Qa6 b5 22. c4 Rb6 23. Qa5 bxc4 24. dxc4 Rxb1+ 25. Kh2 d3 26. Qc3 dxe2 27. Qc2 Rd1 28. Qc3 Bxc4 29. g4 Rxd2 30. Qxd2 Nf3+ 31. Kg3 Nxd2 32. Kf4 g5+ 33. Ke3 e1Q# 0-1